Faena íntima : poemas

保存先:
書誌詳細
第一著者: Joglar cacho, M.
フォーマット: 図書
言語:Undetermined
出版事項: Puerto Rico [s.n.] 1955
主題:
タグ: タグ追加
タグなし, このレコードへの初めてのタグを付けませんか!

MARC

LEADER 00000nam a2200000Ia 4500
008 170316s9999 xx 000 0 und d
040 |a cru BVZT 
090 |a 860 J-4f 
100 |a Joglar cacho, M. 
245 |a Faena íntima : poemas 
260 |a Puerto Rico 
260 |b [s.n.] 
260 |c 1955 
300 |a 164 páginas 
650 |a LITERATURA LATINOAMERICANA 
999 |c 8853  |d 8853 
942 |c 15 D  |h 860 J-4f  |2 z